000 01089nam a2200301 i 4500
003 EG-GICUC
005 20260121101436.0
008 251207s2007 ua ||||fr|||| 00| 0 ara d
017 _a2007/25502
040 _a EG-GICUC
_bara
_c EG-GICUC
_d EG-GICUC
_erda
041 0 _aara
082 0 4 _221
_a343.3194
_bم ص . ح
092 0 4 _221
099 _aLaw1 10 343.3194 م ص . ح 2007
100 0 _aمصطفى يوسف
_eمؤلف.
245 1 2 _aالحماية القانونية للمتهم في مرحلة التحقيق /
_cدكتور مصطفى يوسف.
264 1 _aالقاهرة :
_bدار النهضة العربية،
_c2007.
300 _a118 صفحة ؛
_c24 سم.
336 _2rda content
_atext
337 _2rda media
_aComputer
338 _2rda carrier
_aOnline Resource
546 _aالنص باللغة العربية
650 1 4 _aحقوق المتهم فى الإجراءات الجنائية
650 1 4 _aالقانون الجنائي
856 4 0 _uhttps://fll.law.cu.edu.eg/fulltext/bks/B10-05505.pdf
905 _a77
_eHassnaa
942 _2ddc
_cBK
_e21
_n0
999 _c48794
_d48794